Normal view
MARC view
- Deuel, Leo
Entry Personal Name
001 - CONTROL NUMBER
- control field: 134392
003 - CONTROL NUMBER IDENTIFIER
- control field: NUST
005 - DATE AND TIME OF LATEST TRANSACTION
- control field: 20260509172741.0
008 - FIXED-LENGTH DATA ELEMENTS
- fixed length control field: 260509|| aca||aabn | a|a d
040 ## - CATALOGING SOURCE
- Original cataloging agency: NUST
- Transcribing agency: NUST
100 ## - HEADING--PERSONAL NAME
- Personal name: Deuel, Leo
670 ## - SOURCE DATA FOUND
- Source citation: Work cat.: (NUST): Deuel, Leo., Testaments of Time: The Search for Lost Manuscripts and Records 1966 /, 1965.
